Biathlon Gesamtweltcup der Männer 25/26 - Statistiken

Allgemein
  • Dieses Quiz wurde 15 mal gespielt
  • Das Durchschnittsergebnis liegt bei 16 aus 30
Antwortstatistiken
# Biathlet Punkte % Korrekt
9 Philipp Nawrath 716
93%
1 Éric Perrot 1263
86%
4 Sebastian Samuelsson 918
86%
6 Tommaso Giacomel 797
86%
8 Martin Ponsiluoma 727
79%
18 Philipp Horn 381
79%
2 Sturla Holm Laegreid 984
79%
3 Johan-Olav Smoerdal Botn 968
71%
21 Justus Strelow 340
71%
14 Lukas Hofer 552
64%
12 Martin Uldal 609
64%
5 Émilien Jacquelin 876
57%
16 Fabien Claude 537
57%
11 Quentin Fillon-Maillet 689
57%
7 Vetle Sjaastad Christiansen 736
57%
15 Isak Leknes Frey 538
50%
10 Johannes Dale-Skjevdal 697
50%
13 Campbell Wright 604
43%
21 Jesper Nelin 340
43%
26 Sivert Guttorm Bakken 224
43%
23 Tero Seppala 286
43%
29 Viktor Brandt 184
43%
28 David Zobel 189
36%
17 Oscar Lombardot 416
36%
19 Vitezslav Hornig 373
36%
30 Sebastian Stalder 183
29%
20 Michal Krcmar 346
21%
25 Vitalii Mandzyn 250
21%
24 Joscha Burkhalter 253
14%
27 Sverre Dahlen Aspenes 220
14%
Keine übereinstimmenden Quizze gefunden
Verteilung der Resultate
Anzahl Personen mit jedem Resultat
Perzentil nach korrekt beantworteten Fragen
Ihre Resultats-Entwicklung
Sie haben dieses Quiz noch nicht gespielt